| 000 | 01175nam0a22002891 4500 | ||
|---|---|---|---|
| 001 | rc\4478006 | ||
| 005 | 20130416170144.8 | ||
| 021 |
_aRU _b68-101463 |
||
| 021 |
_aRU _bРг940-68 |
||
| 035 | _a(NLR Aleph) 008332919 | ||
| 090 |
_a8828505 _c8828505 |
||
| 100 | _a20130416d1967 |||y0rusy50 ca | ||
| 101 | 0 | _arus | |
| 102 | _aRU | ||
| 105 | _ay z ||||| | ||
| 200 | 1 |
_aМеханизация трудоемких процессов на молочных фермах _eСопроводительный текст к диафильму _fПод ред. канд. техн. наук Г.Я. Фарбмана _gЛенингр. организация о-ва "Знание" РСФСР. Ленингр. дом науч.-техн. пропаганды |
|
| 210 |
_aЛенинград _cБ. и. _d1967 |
||
| 215 |
_a15 с. _d21 |
||
| 225 | 1 | _aВ помощь лектору | |
| 700 | 1 |
_aКрупенин _bА. В. _gАркадий Васильевич |
|
| 701 | 1 |
_aПавлов _bЮ. В. _gЮрий Васильевич |
|
| 702 | 1 |
_aФорбман _bГ. Я. _4340 |
|
| 801 | 0 |
_aRU _bNLR _gpsbo |
|
| 801 | 1 |
_aRU _bELAR _2rusmarc |
|
| 852 |
_aNLR _j68-6/263 |
||
| 942 | _cBOOK | ||
| 980 | _aNB | ||